Le Pape Pie XI - Statistiques

Statistiques générales
  • Ce quiz a été pris 22 fois
  • Le résultat moyen est 14 sur 18
Statistiques - réponses
Questions Réponses % Correct
Toit des Alpes gravi par le Père Achille Ratti, futur Pie XI qui était un alpiniste aguerri. Le Mont Blanc
100%
Successeur de Pie XI. Pie XII
95%
Prédécesseur de Pie XI. Benoit XV
84%
Courant économique qui selon l'encyclique citée ci-dessus s'est "révélé totalement impuissant à bien résoudre la question sociale". Le libéralisme
84%
Régime politique condamné sans le nommer par l'encyclique "Mit brennender sorge" ("Avec une brûlante inquiétude") publiée par Pie XI en 1937 et rédigée en allemand par son futur successeur, régime condamnée pour son "paganisme", sa "confusion panthéiste", son "mythe de la race et du sang" et l'"idolâtrie de l'État". Le nazisme
84%
Ville de France connue pour ses apparitions mariales que le Père Ratti visita à deux reprises en 1893 puis en 1921, en présidant le pèlerinage national italien. Lourdes
84%
Jeune carmélite normande décédée à 24 ans dont les récits autobiographiques ont été publiés posthume sous le titre "Histoire d'une âme" et que Pie XI béatifia en 1923 puis canonisa en 1925. Sainte Thérèse de l'Enfant-Jésus
84%
Courant politique qui toujours selon la même encyclique propose "un remède pire que le mal, qui eût fait courir à la société humaine de plus grands dangers." Le socialisme
79%
Témoin des apparitions mariales dans la ville précédente, canonisée par Pie XI en 1935. Sainte Bernadette Soubirous
79%
Fer de lance du mouvement précédent, connu pour sa doctrine du "nationalisme intégral" mais dont certaines œuvres ont été mises à l'Index au moment même de la condamnation de son mouvement. Charles Maurras
74%
École de pensée française de droite nationaliste condamnée par Pie XI en date du 29 décembre 1926, école de pensée dans laquelle il voyait des traces d'une "renaissance de paganisme à laquelle se rattache le naturalisme" où l'Église n'aurait de place que comme soutien de l'ordre et non comme "organisme divin et indépendant chargé de diriger les âmes vers leur fin surnaturelle". L'Action française
74%
Pays qui renaissait soudainement de ses cendres et où le Père Ratti fut envoyé comme nonce apostolique. La Pologne
74%
Accords signés avec l'Italie de Mussolini en 1929 par lesquels fut officiellement reconnu l'État de la Cité du Vatican. Les Accords du Latran
74%
Mouvement catholique mexicain insurgé contre les persécutions de Plutarco Calles de 1926 que Pie XI dénonça même s'il soutint un accord de paix avec le gouvernement en date du 27 juin 1929. Les Cristeros
74%
Pie XI béatifia puis canonisa huit _____ canadiens du XVIIe siècle, tués pour leur foi au cours des guerres entre Hurons et Iroquois. Les Iroquois torturèrent et tuèrent sept d'entre eux dont saint Jean de Brébeuf. Seul saint Noël Chabanel fut tué par un Huron renégat. Martyrs
74%
Écrivain français, virulent critique de l'Église catholique et de l'armée, notamment auteur de "Les dieux ont soif" (publié en 1912) et de "La Révolte des anges" (publié en 1914) et dont l'ensemble des œuvres furent mises à l'index en 1922 sous le pontificat de Pie XI. Anatole France
63%
Nom donné aux anciens corps de métiers protecteurs des travailleurs, disparus depuis la Révolution française que la "politique sociale" doit reconstituer, selon l'encyclique "Quadragesimo anno" (publiée en 1931), pour mettre un "terme au conflit qui divise les classes et provoquer et encourager une cordiale collaboration des professions". Les corporations
63%
Nationaliste canadien français, fondateur du Devoir, à qui le Pape Pie XI accorda une audience au même moment (Question #9). Le Pape lui a tenu ces propos qui l'ont profondément marqué : "Le premier devoir d'un journaliste catholique est de défendre les causes de Dieu et de l'Église. Les autres causes, même légitimes, sont secondaires et doivent être subordonnées." Henri Bourassa
58%
Aucun quiz correspondant
Distribution des résultats
% des personnes avec chaque résultat
Percentile par nombre de réponses
Votre historique - résultats
Vous n’avez pas pris ce quiz